000 00309nam a22001337a 4500
008 181022b xxu||||| |||| 00| 0 eng d
020 _a9780831741211
041 _aeng
080 _a701
100 _a44
101 _aART
245 _aThe Art of the Post-Impressionists
_cSwinglehurst,E
942 _2udc
_cBK
999 _c50472
_d50472